000 00583nam a2200181Ia 4500
003 OSt
005 20240411135616.0
008 210210b1960 xxu||||| |||| 00| 0 eng d
040 _cAL
041 _aKannada
082 _a856/162
100 _aUMAKANTA SHASTRI ಉಮಾಕಾಂತ ಶಾಸ್ತ್ರಿ
_9159657
245 _aJanasankye hagu Ahara samasye
_bಜನಸಂಖ್ಯೆ ಹಾಗೂ ಆಹಾರ ಸಮಸ್ಯೆ
260 _aDharavada
_bKarnataka Vishvavidyanilalya
_c1960
690 _aKannada Miscellaneous
_9159658
906 _a020402
942 _2ddc
_cBK
999 _c144551
_d144551